| 000 | 00449nam a22001337a 4500 | ||
|---|---|---|---|
| 082 |
_a625.77 _bPUB _cL-181, P-16 |
||
| 110 |
_aU.S Federal Work Agency. _943757 |
||
| 245 |
_aPublic Control of Highway access and roadside development / _cU.S Federal Work Agency. |
||
| 260 |
_aUSA : _bPublic Road Administration Federal Work Agency, _c1947. |
||
| 300 | _a154 p. : | ||
| 526 |
_a0 _b0 _c0 _d625_770000000000000_PUB |
||
| 650 |
_aMCE _9379 |
||
| 942 |
_2ddc _cBK |
||
| 999 |
_c547588 _d547588 |
||